Statystyki dla MÓJ 1000 QUIZ!!

Kliknij tutaj aby rozwiązać quiz!

Ogólne statystyki

  • Ten quiz został rozwiązany 290 razy
    (252 od ostatniego zresetowania)
  • Średni wynik to 17 z 25

Statystyki odpowiedzi

WskazówkaOdpowiedź% Poprawnych
Dzielniki liczby 10001
100%
Dzielniki liczby 100010
100%
Dzielniki liczby 1000100
99%
Liczby "graniczące" z 1000999
97%
Dzielniki liczby 10002
92%
Dzielniki liczby 10005
92%
Liczby "graniczące" z 10001001
91%
Dzielniki liczby 10001000
87%
Dzielniki liczby 10004
87%
Dzielniki liczby 10008
87%
Dzielniki liczby 100020
86%
Dzielniki liczby 100050
84%
Dzielniki liczby 100025
79%
Dzielniki liczby 100040
79%
Dzielniki liczby 1000500
78%
Dzielniki liczby 1000200
77%
Zapis rzymski liczby 1000M
74%
Dzielniki liczby 1000250
69%
Dzielniki liczby 1000125
57%
1000 w układzie SI odpowiada ten
przedrostek jednostki miary
kilo
25%
1000 to liczba...?Naturalna
14%
Liczba 1000
w systemie dwójkowym
1111101000
2%
Liczba 1000
w systemie dziewiątkowym
1331
1%
Liczba 1000
w systemie ósemkowym
1750
1%
Liczba 1000
w systemie szesnastkowym
3E8
0%

Rozkład punktacji

Percentyl według liczby udzielonych odpowiedzi

Procent ludzi z każdym wynikiem

Twoja historia wyników

Nie rozwiązałeś tego quizu od ostatniego zresetowania